Alle Städte in NRW nach Buchstabe - M - Statistiken

Allgemein
  • Dieses Quiz wurde 160 mal gespielt
  • Das Durchschnittsergebnis liegt bei 13 aus 25
Antworten auf der Karte
Die Antworten werden auf der Karte rot bzw. grün angezeigt, abhängig davon wie oft sie richtig erraten wurden.
 
Antwortstatistiken
Name % Korrekt
Münster
88%
Minden
86%
Mönchengladbach
78%
Marl
76%
Moers
73%
Mülheim an der Ruhr
69%
Mettmann
66%
Menden (Sauerland)
57%
Meschede
53%
Monheim am Rhein
53%
Marsberg
50%
Mechernich
50%
Meinerzhagen
50%
Meerbusch
49%
Monschau
49%
Meckenheim
44%
Medebach
42%
Mettingen
38%
Much
34%
Metelen
32%
Merzenich
31%
Marienheide
30%
Marienmünster
30%
Möhnesee
30%
Morsbach
28%
Keine übereinstimmenden Quizze gefunden
Verteilung der Resultate
Anzahl Personen mit jedem Resultat
Perzentil nach korrekt beantworteten Fragen
Ihre Resultats-Entwicklung
Sie haben dieses Quiz noch nicht gespielt